000 00261nam a2200109 4500
082 _a297.01KHE
100 _aKherie, Altaf Ahmed
245 _aIslam: a comprehensive Guide Book
260 _aKarachi:
_bRoyal Book Company,
_c1993.
300 _a469p. ;
942 _cBK
999 _c8757
_d8757